000 00660nam a2200229 4500
003 OSt
005 20260601171012.0
008 260513t2002\\\\it\|||||\||||\00|\0\eng\d
040 _aICI
_bspa
_cICI
041 _aeng
050 _aNC997.A1
_bD43
245 1 _aDDN Design Diffusion News
264 _aMilano :
_bDesign Diffusion,
_c2002
300 _avolúmenes
336 _atexto
_2rdacontent
337 _asin medio
_2rdamedia
338 _avolumen
_2rdacarrier
505 _tV.93 Gennaio / febbraio = January / february
650 _aArte comercial
_vPublicaciones periodicas
_933214
650 _aDiseño
_vPublicaciones periódicas
942 _2lcc
_cB
_n1
999 _c20524
_d20524